000 04001nam0a2200433 4500
001 RU\NLR\BIBL_A\012688116
005 20220209165501.0
010 _a978-5-91458-322-1
_9500
021 _aRU
_bКН-П-21-065135
_9КН-П-21-5137
035 _a(NLR Aleph) 012688116
035 _a(RuMoRGB)010813780
090 _a12837608
_c12837608
100 _a20220119d2021 k y0rusy50 ca
101 0 _arus
102 _aRU
105 _aa|||z||||||z|
181 1 _ai3
_b e
182 1 _an
200 1 _aСовременные подходы к оценке эффективности реализации проектов и программ региона с позиции развития человеческого капитала
_eмонография
_fО. Б. Доржиева, М. П. Сарунова, В. К. Муканова [и др.]
_gредакционная коллегия: ...Е.С. Болдырева (отв. редактор)
_gМинистерство науки и высшего образования Российской Федерации, Федеральное государственное бюджетное образовательное учреждение высшего образования "Калмыцкий государственный университет имени Б. Б. Городовикова", Педагогическая школа Экономического факультета, Кафедра экономической безопасности, учета и финансов
203 _aТекст
_bвизуальный
_cнепосредственный
210 _aЭлиста
_cИзд-во Калмыцкого университета
_d2021
215 _a187, [1] с.
_cил.
_d21
300 _aАвт. указаны на обороте тит. с.
320 _aБиблиогр. в конце гл
330 _aМонография <Современные подходы к оценке эффективности реализации проектов и программ региона с позиции развития человеческого капитала> выполнена в рамках научного проекта > 1123 <Концептуальные подходы к оценке регулятивного воздействия на развитие человеческого капитала> (руководитель - доцент, кандидат экономических наук О. Б. Дорджиева). Рассматривает актуальные вопросы эффективности реализации проектов и программ региона с позиции развития человеческого капитала. Индексируется в системе РИНЦ и ISBN
606 1 _aНациональные проекты
_xРеализация
_yРоссийская Федерация
_2nlr_sh2
_3RU\NLR\AUTH\661560271
606 1 _aКапитал человеческий
_yРоссийская Федерация
_2nlr_sh1
_2nlr_sh2
_3RU\NLR\AUTH\661382959
686 1 _aУ9(2)-18(2Р)
686 1 _aУ24(2)05(2Р)
701 1 _aДоржиева
_bО. Д.
_gОюна Дымбрыловна
701 1 _aСарунова
_bМ. П.
_gМарина Петровна
701 1 _aМуканова
_bВ. К.
_gВиктория Коноковна
702 1 _aБолдырева
_bЕ. С.
_cканд. экон. наук
_gЕлизавета Саранговна
_3RU\NLR\AUTH\770165556
_4340
712 0 2 _aКалмыцкий государственный университет им. Б. Б. Городовикова
_cЭлиста
_bЭкономический факультет
_bПедагогическая школа
_3RU\NLR\AUTH\880558848
_4570
942 _cBOOK
980 _aNB